Analýza kmitania mechanických sústav s využitím laserovej Dopplerovskej vibrometrie

Gespeichert in:
Bibliographische Detailangaben
1. Verfasser: Katina, Tomáš (Verfasst von)
Weitere Verfasser: Gulan, Martin (Betreuung Doktorarbeit)
Format: Manuskript Buch
Sprache:Slowakisch
Veröffentlicht: 2025
Schlagworte:
Online-Zugang:http://is.stuba.sk/zp/portal_zp.pl?podrobnosti=176445
Tags: Tag hinzufügen
Keine Tags, Fügen Sie das erste Tag hinzu!

MARC

LEADER 00000ntm a22000003a 4500
001 stuzp105550
003 SK-STU
005 20250628212849.9
007 ta
008 150427s2015----xo-----f-mn---000-0-slo-d
040 |a STU  |b slo 
041 0 |a slo 
100 1 |a Katina, Tomáš  |u 020020  |4 aut  |U SjF Strojnícka fakulta  |T SjF Ústav automatizácie, informatizácie a merania  |X 121680  |U J0020  |Y 802  |7 121680 
242 0 1 |a Analysis of mechanical system vibrations using laser Doppler vibrometry  |y eng 
245 1 0 |a Analýza kmitania mechanických sústav s využitím laserovej Dopplerovskej vibrometrie 
260 |c 2025 
650 4 |a Laserová Dopplerovská vibrometria  |2 slo 
650 4 |a kmitanie  |2 slo 
650 4 |a Polytec OFV-505  |2 slo 
650 4 |a Polytec OFV-5000  |2 slo 
650 4 |a Laser Doppler Vibrometry  |2 eng 
650 4 |a vibration  |2 eng 
650 4 |a Polytec OFV-505  |2 eng 
650 4 |a Polytec OFV-5000  |2 eng 
700 1 |a Gulan, Martin  |u 020020  |k Z1  |4 ths  |U SjF Strojnícka fakulta  |T SjF Ústav automatizácie, informatizácie a merania  |X 49587  |U J0020  |Y 802  |7 A000049587 
856 4 |u http://is.stuba.sk/zp/portal_zp.pl?podrobnosti=176445